[Event "POLFINALY MISTRZOSTW POLSKI JUNIOROW 2021 C-15"]
[Site "Jatrzebia Gora"]
[Date "1899-12-30"]
[Round "7.9"]
[White "Kubik, Rafal"]
[Black "Miler, Franciszek"]
[Result "1/2-1/2"]
[WhiteTitle "I+"]
[BlackTitle "I"]
[WhiteElo "1718"]
[BlackElo "1479"]

1. e4 c5 2. c3 d5 3. exd5 Qxd5 4. d4 Nc6 5. Nf3 Bf5 6. Be3 Nf6 7. Na3 cxd4 8. Nxd4
Nxd4 9. Bxd4 e5 10. Nb5 Rc8 11. Bxa7 Qe4+ 12. Be3 Nd5 13. Qf3 Nxe3 14. Qxe4 Bxe4
15. fxe3 Bc5 16. Rd1 Rd8 17. Rxd8+ Kxd8 18. Kf2 Ke7 19. b4 Bb6 20. c4 Rd8 21.
c5 Rd2+ 22. Ke1 Rxa2 23. cxb6 Bxg2 24. Bxg2 Rxg2 25. Rf1 Rxh2 26. Rf2 Rh1+ 27.
Kd2 Rh6 28. Nc7 Rd6+ 29. Kc3 g5 30. e4 Kf8 31. Nd5 Kg7 32. Rf5 f6 33. b5 Kg6 34.
Kc4 h5 35. Kc5 Re6 36. Nc7 Re7 37. Kd6 Rf7 38. Ke6 g4 39. Rf1 h4 40. Rg1 g3 41.
Nd5 Rf8 42. Ke7 Rg8 43. Nxf6 Rg7+ 44. Ke6 Kg5 45. Kxe5 Rg6 46. Nd5 Kg4 47. Nf6+
Kf3 48. Kf5 Rg7 49. Nh5 Rg8 50. Nf4 g2 51. Nxg2 Rxg2 52. Rxg2 Kxg2 53. e5 h3 54.
e6 h2 55. e7 h1=Q 56. e8=Q Qh3+ 57. Kf6 Qh4+ 58. Ke6 1/2-1/2

[Event "POLFINALY MISTRZOSTW POLSKI JUNIOROW 2021 C-15"]
[Site "Jatrzebia Gora"]
[Date "1899-12-30"]
[Round "7.10"]
[White "Nowak, Filip"]
[Black "Bajer, Tomasz"]
[Result "1/2-1/2"]
[WhiteTitle "I"]
[BlackTitle "II"]
[WhiteElo "1757"]
[BlackElo "1308"]

1. e4 c5 2. Nf3 Nc6 3. d4 cxd4 4. Nxd4 g6 5. c4 Bg7 6. Be3 Nf6 7. Nc3 O-O 8. Be2
d6 9. O-O Nxd4 10. Bxd4 Be6 11. Qd2 Nd7 12. Be3 Qa5 13. Rac1 Rfe8 14. b3 Qb4 15.
Rfd1 Nc5 16. f3 a5 17. Nb5 Qxd2 18. Rxd2 Rec8 19. Rdc2 Kf8 20. Kf2 h5 21. g3 Ke8
22. Bf1 Kd7 23. Rb1 f5 24. Bg2 fxe4 25. fxe4 Rf8+ 26. Kg1 Be5 27. Rd2 b6 28. a3
a4 29. b4 Nb3 30. Rc2 Rfc8 31. Bf1 Rab8 32. Be2 Na1 33. Rcc1 Nb3 34. Rc2 Na1 35.
Rcc1 1/2-1/2

[Event "POLFINALY MISTRZOSTW POLSKI JUNIOROW 2021 C-15"]
[Site "Jatrzebia Gora"]
[Date "1899-12-30"]
[Round "7.11"]
[White "Turowski, Maciej"]
[Black "Czak, Dominik"]
[Result "1-0"]
[WhiteTitle "II+"]
[BlackTitle "II"]
[WhiteElo "1540"]
[BlackElo "1456"]

1. c4 Nf6 2. g3 g6 3. Bg2 Bg7 4. Nc3 O-O 5. d4 c5 6. e3 d6 7. Nge2 Nbd7 8. O-O
Nb6 9. b3 Rb8 10. Bb2 Bd7 11. Qc2 Qc7 12. Rad1 e6 13. e4 Rfd8 14. d5 exd5 15.
Nxd5 Nbxd5 16. cxd5 Bb5 17. Rfe1 Re8 18. f4 Ng4 19. Bxg7 Ne3 20. Qd2 Nxg2 21.
Kxg2 Bxe2 22. Bb2 Bxd1 23. Qc3 f6 24. Qxf6 Re7 25. Qh8+ Kf7 26. Qxh7+ Kf8 27.
Qh8+ Kf7 28. Qg7+ Ke8 29. Qxg6+ Kd7 30. e5 Rbe8 31. e6+ Kc8 32. Bf6 Qa5 33. Rxd1
Qxa2+ 34. Kg1 Qe2 35. Rf1 Qe3+ 36. Kg2 Qxb3 37. Bxe7 Qxd5+ 38. Kh3 Rxe7 39. f5
Qe5 40. Qg8+ Kc7 41. Rf4 Rg7 42. Qf8 b5 43. Rg4 Rh7+ 44. Rh4 Rxh4+ 45. Kxh4 Qe4+
46. g4 Qe5 47. h3 b4 48. e7 Kd7 49. Qd8+ Kc6 50. e8=Q+ 1-0

[Event "POLFINALY MISTRZOSTW POLSKI JUNIOROW 2021 C-15"]
[Site "Jatrzebia Gora"]
[Date "1899-12-30"]
[Round "7.12"]
[White "Dembicki, Karol"]
[Black "Gbiorczyk, Mikolaj"]
[Result "0-1"]
[WhiteTitle "II"]
[BlackTitle "II"]
[WhiteElo "1380"]
[BlackElo "1487"]

1. e4 c5 2. Nf3 g6 3. d4 cxd4 4. Nxd4 Nc6 5. Be3 Nf6 6. Nc3 Bg7 7. Bc4 O-O 8. Bb3
Re8 9. f3 e6 10. Qd2 d5 11. exd5 Nxd5 12. Nxc6 bxc6 13. Nxd5 cxd5 14. O-O-O a5
15. Ba4 Bd7 16. Bxd7 Qxd7 17. h4 Qa4 18. Kb1 Rab8 19. c3 Rec8 20. Rc1 Qc4 21.
Ka1 a4 22. a3 Rb3 23. Bh6 Bxh6 24. Qxh6 Qe2 25. Rb1 Rcxc3 26. Qc1 Rxc1 27. Rhxc1
Qxg2 28. h5 Qxf3 29. h6 Rxa3+ 0-1

[Event "POLFINALY MISTRZOSTW POLSKI JUNIOROW 2021 C-15"]
[Site "Jatrzebia Gora"]
[Date "1899-12-30"]
[Round "7.13"]
[White "Zyto, Karol"]
[Black "Janusiewicz, Michal"]
[Result "0-1"]
[WhiteTitle "II"]
[BlackTitle "I"]
[WhiteElo "1472"]
[BlackElo "1361"]

1. d4 Nf6 2. c4 g6 3. Nc3 Bg7 4. e4 d6 5. Nf3 O-O 6. Be2 Nbd7 7. O-O e5 8. d5 Nc5
9. Qc2 a5 10. b3 Bd7 11. Bb2 Nh5 12. a3 a4 13. b4 Nb3 14. Rae1 Nf4 15. Nb1 Bg4
16. h3 Nxh3+ 17. gxh3 Bxh3 18. Bc1 Nxc1 19. Qxc1 Bxf1 20. Bxf1 f5 21. Qg5 Qf6
22. Qxf6 Bxf6 23. c5 dxc5 24. bxc5 Ra5 25. Rc1 fxe4 26. Nfd2 Bg5 27. Rc3 e3 28.
fxe3 Rxc5 29. Bc4 b5 30. Ne4 Rxc4 31. Rxc4 Bxe3+ 32. Kg2 bxc4 33. Nbc3 Bd4 34.
Nb5 Rf4 35. Nxc7 Rxe4 36. d6 Bb6 37. Nd5 Bd8 38. Nc7 c3 39. Ne6 c2 40. Nxd8 c1=Q
41. Ne6 Qd2+ 42. Kh3 Qe3+ 43. Kg2 Rg4+ 44. Kh2 Qg3+ 45. Kh1 Qg2# 0-1

[Event "POLFINALY MISTRZOSTW POLSKI JUNIOROW 2021 C-15"]
[Site "Jatrzebia Gora"]
[Date "1899-12-30"]
[Round "7.14"]
[White "Bem, Tymoteusz"]
[Black "Jankowski, Franciszek"]
[Result "0-1"]
[WhiteTitle "II"]
[BlackTitle "II+"]
[WhiteElo "1262"]
[BlackElo "1522"]

1. d4 Nf6 2. c4 e6 3. g3 d5 4. Nf3 b6 5. Bg2 Bb7 6. O-O dxc4 7. Qa4+ Nbd7 8. Qxc4
Be7 9. Rd1 O-O 10. Nc3 c5 11. dxc5 Qc7 12. c6 Qxc6 13. Qxc6 Bxc6 14. Bf4 Rac8
15. Bd6 Rfe8 16. Rac1 Kf8 17. Bxe7+ Kxe7 18. Nd4 Bxg2 19. Kxg2 a6 20. e4 Ne5 21.
b3 Red8 22. h3 Nxe4 23. Nxe4 Rxc1 24. Rxc1 Rxd4 25. Ng5 h6 26. Nf3 Nd3 27. Rd1
Nf4+ 0-1

[Event "POLFINALY MISTRZOSTW POLSKI JUNIOROW 2021 C-15"]
[Site "Jatrzebia Gora"]
[Date "1899-12-30"]
[Round "7.15"]
[White "Pieczulis, Hubert"]
[Black "Halhoul, Adam"]
[Result "0-1"]
[WhiteTitle "I"]
[BlackTitle "I"]
[WhiteElo "1379"]
[BlackElo "1777"]

1. e4 c5 2. Nf3 d6 3. d4 cxd4 4. Nxd4 Nf6 5. Nc3 g6 6. Be3 Bg7 7. f3 Nc6 8. Qd2
O-O 9. g4 Nxd4 10. Bxd4 Be6 11. h4 Qa5 12. Nb5 Qxd2+ 13. Kxd2 Bd7 14. Nc3 Nxe4+
15. Nxe4 Bxd4 16. c3 Be5 17. Ke3 Bc6 18. f4 Bg7 19. Rg1 Rad8 20. Rd1 Bd7 21. Bc4
b5 22. Bb3 a5 23. a3 b4 24. h5 bxa3 25. hxg6 hxg6 26. f5 Rb8 27. Bc4 Rfc8 28.
b3 Bb5 29. Bd5 Bc6 30. Bc4 Bb5 31. Bd5 Bc6 32. Bc4 d5 33. Bxd5 Bxd5 34. Rxd5 Rxb3
35. fxg6 fxg6 36. Rxa5 Bxc3 37. Nxc3 Rbxc3+ 38. Kd4 R8c4+ 39. Kd5 Rf4 40. Ke5
Rff3 41. Ra7 Kf7 42. Rh1 Rce3+ 43. Kd4 Kf6 44. Rg1 e5+ 45. Kd5 Kg5 46. Re7 Rf4
47. Re6 Ra4 0-1

[Event "POLFINALY MISTRZOSTW POLSKI JUNIOROW 2021 C-15"]
[Site "Jatrzebia Gora"]
[Date "1899-12-30"]
[Round "7.16"]
[White "Daszkiewicz, Adrian"]
[Black "Fojcik, Kacper"]
[Result "0-1"]
[WhiteTitle "I"]
[BlackTitle "II"]
[WhiteElo "1564"]
[BlackElo "1345"]

1. e4 c6 2. d4 d5 3. Nc3 dxe4 4. Nxe4 Bf5 5. Ng3 Bg6 6. Bc4 e6 7. N1e2 Bd6 8. O-O
Qc7 9. f4 Nh6 10. Bd3 Nd7 11. f5 Nxf5 12. Nxf5 Bxh2+ 13. Kh1 Bxf5 14. Bxf5 exf5
15. Qd3 Bd6 16. Qxf5 O-O-O 17. c4 c5 18. b4 cxd4 19. c5 Be5 20. Nf4 g6 21. Qh3
Qc6 22. Nd3 Qe6 23. Qf3 Bc7 24. Bf4 Bxf4 25. Nxf4 Qc6 26. Nd5 Qe6 27. c6 bxc6
28. Nf4 Qd6 29. Rfc1 Ne5 30. Qe2 d3 31. Qd2 g5 32. Nh3 Kb7 33. Qxg5 Rhg8 34. Qf4
Rg4 35. Qh2 Rdg8 36. Rc5 f6 37. Rac1 d2 38. Rd1 Rxg2 39. Qxg2 Rxg2 40. Kxg2 Qd3
0-1

[Event "POLFINALY MISTRZOSTW POLSKI JUNIOROW 2021 C-15"]
[Site "Jatrzebia Gora"]
[Date "1899-12-30"]
[Round "7.17"]
[White "Rumniak, Aleksy"]
[Black "Trochimczuk, Szymon"]
[Result "1/2-1/2"]
[WhiteTitle "II"]
[BlackTitle "II+"]
[WhiteElo "1204"]
[BlackElo "1493"]

1. e4 e6 2. d4 d5 3. Nd2 dxe4 4. Nxe4 Bd7 5. Bd3 Bc6 6. Nf3 Nd7 7. c3 Ngf6 8. Qe2
Nxe4 9. Bxe4 Bxe4 10. Qxe4 c6 11. Bg5 Be7 12. Bxe7 Qxe7 13. Ne5 Nxe5 14. Qxe5
O-O 15. O-O Rfd8 16. f4 Rd5 17. Qe3 Qd6 18. Rae1 g6 19. Qf2 Rd8 20. Re5 a5 21.
a3 a4 22. Rxd5 cxd5 23. Qe2 Qb6 24. g3 Rc8 25. Re1 Rc6 26. Kg2 Qb3 27. Qd2 Rb6
28. Re2 Qc4 29. Qe3 Qc6 30. Qe5 Qd6 31. Kf3 Qd8 32. Kg2 Rb3 33. Rd2 h6 34. h4
h5 35. Kf3 Qb6 36. Qe2 Kh7 37. Kg2 Kg8 38. Kh3 Kg7 1/2-1/2

[Event "POLFINALY MISTRZOSTW POLSKI JUNIOROW 2021 C-15"]
[Site "Jatrzebia Gora"]
[Date "1899-12-30"]
[Round "7.18"]
[White "Choina, Jan"]
[Black "Dysko, Michal"]
[Result "0-1"]
[WhiteTitle "II"]
[BlackTitle "II"]
[WhiteElo "1485"]
[BlackElo "1222"]

1. e4 c5 2. Nf3 a6 3. d4 cxd4 4. Nxd4 Nf6 5. Bd3 e5 6. Nb3 d5 7. exd5 Nxd5 8. Bc4
Be6 9. Nc3 Bb4 10. a3 Bxc3+ 11. bxc3 b5 12. Bf1 Qc7 13. Bb2 Nd7 14. Qf3 Rc8 15.
a4 O-O 16. axb5 axb5 17. Bxb5 Nxc3 18. Bxc3 Qxc3+ 19. Qxc3 Rxc3 20. Bxd7 Bxd7
21. Kd2 Rfc8 22. Ra2 f6 23. Rb1 Bf5 24. Rbb2 Kf7 25. Nc1 Be6 26. Ra7+ Kg6 27.
Ne2 R3c7 28. Rxc7 Rxc7 29. c3 Rd7+ 30. Ke3 Rc7 31. Rd2 Bc4 32. Ng3 Bf7 33. Rc2
f5 34. f4 Rc4 35. Ne2 Re4+ 36. Kf3 Bd5 37. fxe5 Rxe5+ 38. Kf2 Be4 39. Rc1 Kf6
40. Nd4 Rc5 41. g3 g5 42. Ke3 Ke5 43. Kd2 Ra5 44. h4 Ra2+ 45. Ke3 f4+ 46. gxf4+
gxf4# 0-1

[Event "POLFINALY MISTRZOSTW POLSKI JUNIOROW 2021 C-15"]
[Site "Jatrzebia Gora"]
[Date "1899-12-30"]
[Round "7.19"]
[White "Borowik, Karol"]
[Black "Klisowski, Bartosz"]
[Result "0-1"]
[WhiteTitle "II"]
[BlackTitle "II+"]
[WhiteElo "1455"]
[BlackElo "1392"]

1. d4 Nf6 2. Nf3 g6 3. Bg5 Ne4 4. Bf4 d5 5. e3 Bg7 6. Bd3 c5 7. c3 cxd4 8. exd4
Nf6 9. h3 Nc6 10. O-O O-O 11. Nbd2 Bf5 12. Qc2 Bxd3 13. Qxd3 e6 14. b4 Rc8 15.
Rfc1 Re8 16. Ne5 Nxe5 17. Bxe5 Nd7 18. Bxg7 Kxg7 19. Nf3 Qc7 20. Rc2 Nb6 21. Rac1
Nc4 22. Nd2 b6 23. Nxc4 Qxc4 24. Qxc4 Rxc4 25. Kf1 Kf8 26. f3 f6 27. Ke2 e5 28.
Kd3 b5 29. a3 Ke7 30. Re1 Kd6 31. g3 Rec8 32. Rec1 a6 33. Kd2 exd4 34. cxd4 Rxd4+
35. Ke3 Rdc4 36. Rxc4 dxc4 37. Rc3 Kd5 38. Rc1 Re8+ 39. Kd2 0-1

[Event "POLFINALY MISTRZOSTW POLSKI JUNIOROW 2021 C-15"]
[Site "Jatrzebia Gora"]
[Date "1899-12-30"]
[Round "7.20"]
[White "Latacz, Grzegorz"]
[Black "Chmura, Eryk"]
[Result "1/2-1/2"]
[WhiteTitle "II"]
[BlackTitle "II"]
[WhiteElo "1446"]
[BlackElo "1343"]

1. e4 c5 2. Nf3 g6 3. d4 cxd4 4. Nxd4 Nc6 5. c4 Nf6 6. Nc3 d6 7. Be2 Nxd4 8. Qxd4
Bg7 9. Be3 O-O 10. Qd2 Be6 11. Rc1 Qa5 12. b3 Rfc8 13. f3 a6 14. O-O Rab8 15.
Ba7 Ra8 16. Be3 Nd7 17. f4 Nc5 18. f5 Bxc3 19. Qxc3 Qxc3 20. Rxc3 Bd7 21. Bxc5
Rxc5 22. f6 exf6 23. Rxf6 Be6 24. Rf1 b5 25. Rfc1 Rac8 26. Kf2 Kf8 27. Bd3 Ke7
28. Ke3 b4 29. R3c2 Ra5 30. Rd1 Ra3 31. Rdd2 Rc5 32. h3 Re5 33. Kf2 Bc8 34. Re2
1/2-1/2

[Event "POLFINALY MISTRZOSTW POLSKI JUNIOROW 2021 C-15"]
[Site "Jatrzebia Gora"]
[Date "1899-12-30"]
[Round "7.21"]
[White "Szymczyk, Antoni"]
[Black "Marek, Grzegorz"]
[Result "1/2-1/2"]
[WhiteTitle "II"]
[BlackTitle "II"]
[WhiteElo "1424"]
[BlackElo "1350"]

1. e4 c5 2. Nf3 Nc6 3. d4 cxd4 4. Nxd4 Nf6 5. Nc3 e5 6. Ndb5 d6 7. Nd5 Nxd5 8.
exd5 Nb8 9. Bd3 Be7 10. O-O O-O 11. c4 a6 12. Nc3 f5 13. f3 Bg5 14. Qc2 g6 15.
f4 Bf6 16. fxe5 dxe5 17. c5 e4 18. Bc4 Kg7 19. Be3 Nd7 20. b4 Ne5 21. Be2 h5 22.
a4 Ng4 23. Bxg4 hxg4 24. b5 Rh8 25. Qd2 g5 26. Bd4 Bxd4+ 27. Qxd4+ Kg6 28. c6
Rh7 29. d6 axb5 30. axb5 Rxa1 31. Rxa1 e3 32. d7 Qc7 33. g3 Bxd7 34. cxd7 Rxd7
35. Qxe3 Rd6 36. Rd1 Rf6 37. Nd5 Qc2 38. Qd3 Qc5+ 39. Qd4 Qxd4+ 40. Rxd4 Re6 41.
Kf2 Re5 42. Nc7 Rc5 43. Rd6+ Kf7 44. Rd7+ Kg6 45. Ke3 Rc2 46. Nd5 Rc5 47. Rxb7
Rxd5 48. b6 Rb5 49. Rb8 Kg7 50. b7 Kh7 51. Kd4 f4 52. Kc4 Rb2 53. Kc5 f3 54. Kc6
Rc2+ 55. Kd5 Rb2 1/2-1/2

[Event "POLFINALY MISTRZOSTW POLSKI JUNIOROW 2021 C-15"]
[Site "Jatrzebia Gora"]
[Date "1899-12-30"]
[Round "8.1"]
[White "Malinowski, Szymon"]
[Black "Wydmanski, Szymon"]
[Result "0-1"]
[WhiteTitle "I"]
[BlackTitle "I"]
[WhiteElo "1601"]
[BlackElo "1735"]

1. d4 Nf6 2. Nf3 c5 3. c3 d5 4. e3 e6 5. Bd3 Nc6 6. Nbd2 Bd6 7. O-O O-O 8. e4 cxd4
9. cxd4 dxe4 10. Nxe4 Be7 11. Nc3 b6 12. Bf4 Nb4 13. Bb1 Nbd5 14. Be5 Bb7 15.
Re1 Rc8 16. Qd3 Nb4 17. Qe2 Nfd5 18. a3 Ba6 19. Qd2 Nxc3 20. bxc3 Nd5 21. Rc1
b5 22. Bd3 Qa5 23. a4 bxa4 24. c4 Qxd2 25. Nxd2 Bg5 26. cxd5 Rxc1+ 27. Rxc1 Bxd2
28. Rd1 Bxd3 29. Rxd2 Bc4 30. d6 Rb8 31. h3 a3 32. Rc2 a2 33. d5 exd5 34. Kh2
f6 35. Bc3 Kf7 0-1

[Event "POLFINALY MISTRZOSTW POLSKI JUNIOROW 2021 C-15"]
[Site "Jatrzebia Gora"]
[Date "1899-12-30"]
[Round "8.2"]
[White "Trzebinski, Patryk"]
[Black "Wilk, Igor"]
[Result "0-1"]
[WhiteTitle "I+"]
[BlackTitle "I+"]
[WhiteElo "1767"]
[BlackElo "1712"]

1. d4 d5 2. Nf3 Nf6 3. Bf4 c5 4. e3 Nc6 5. Nc3 a6 6. dxc5 e6 7. Na4 Bxc5 8. Nxc5
Qa5+ 9. c3 Qxc5 10. Bd3 Qe7 11. Ne5 Nd7 12. Nxd7 Bxd7 13. O-O O-O 14. c4 e5 15.
cxd5 Nb4 16. Bg3 Nxd3 17. Qxd3 Bb5 18. Qf5 Bxf1 19. Rxf1 f6 20. Rc1 g6 21. Qd3
Rac8 22. Rxc8 Rxc8 23. h3 Qb4 24. b3 Rc1+ 25. Kh2 e4 26. Qe2 Qe1 27. Qxe1 Rxe1
28. Bc7 Kf7 29. Kg3 Ra1 30. a4 Rb1 31. Kf4 Rxb3 32. a5 Rb4 33. g4 Rc4 34. d6 Ke6
35. h4 h6 36. h5 g5+ 37. Kg3 Rxc7 38. dxc7 Kd7 39. f3 b5 40. axb6 a5 41. fxe4
a4 42. e5 fxe5 43. Kf3 a3 44. Ke4 a2 45. Kxe5 a1=Q+ 46. Kf5 Qa5+ 0-1

[Event "POLFINALY MISTRZOSTW POLSKI JUNIOROW 2021 C-15"]
[Site "Jatrzebia Gora"]
[Date "1899-12-30"]
[Round "8.3"]
[White "Pisarek, Jan"]
[Black "Kotowicz, Kamil"]
[Result "1-0"]
[WhiteTitle "I"]
[BlackTitle "I"]
[WhiteElo "1583"]
[BlackElo "1765"]

1. e4 e6 2. d4 d5 3. exd5 exd5 4. Nf3 Bd6 5. c4 c6 6. Nc3 Ne7 7. c5 Bc7 8. Bd3
Bf5 9. O-O O-O 10. Re1 Bxd3 11. Qxd3 Ng6 12. b4 a6 13. a4 Nd7 14. Bd2 b5 15. Ra2
bxa4 16. Rxa4 Nb8 17. b5 cxb5 18. Nxb5 a5 19. Rea1 Nc6 20. Qa3 f6 21. Nxc7 Qxc7
22. Bxa5 Nxa5 23. Rxa5 Rxa5 24. Qxa5 Qxa5 25. Rxa5 Rb8 26. g3 Rb1+ 27. Kg2 Rc1
28. Ra7 Kf8 29. Rd7 Ne7 30. g4 g5 31. Nd2 Rd1 32. Nb3 Rd3 33. Rb7 Nc6 34. Rb6
Nxd4 35. Nxd4 Rxd4 36. Rxf6+ Ke7 37. Rf5 h6 38. Kg3 Ke6 39. h4 Rd3+ 40. f3 gxh4+
41. Kxh4 Rc3 42. Kg3 Rxc5 43. Rh5 Rc2 44. Rxh6+ Ke5 45. f4+ Ke4 46. Re6+ Kd3 47.
g5 d4 48. g6 Rc7 49. f5 Kc2 50. f6 d3 51. g7 Rc3 52. Rd6 d2+ 53. Kf2 Rd3 54. Rxd3
Kxd3 55. g8=Q d1=N+ 56. Kf3 1-0

[Event "POLFINALY MISTRZOSTW POLSKI JUNIOROW 2021 C-15"]
[Site "Jatrzebia Gora"]
[Date "1899-12-30"]
[Round "8.4"]
[White "Wesolek, Krzysztof"]
[Black "Jendrowiak, Maciej"]
[Result "1-0"]
[WhiteTitle "I"]
[BlackTitle "II+"]
[WhiteElo "1570"]
[BlackElo "1493"]

1. e4 c6 2. d4 d5 3. Nc3 dxe4 4. Nxe4 Bf5 5. Ng3 Bg6 6. h4 h6 7. Nf3 Nd7 8. h5
Bh7 9. Bd3 Bxd3 10. Qxd3 e6 11. Bd2 Ngf6 12. O-O-O Be7 13. Ne4 Nxe4 14. Qxe4 Nf6
15. Qe2 Qd5 16. c4 Qe4 17. Qxe4 Nxe4 18. Be3 O-O 19. Ne5 Rfd8 20. g4 c5 21. Rhe1
Bd6 22. f4 Rac8 23. dxc5 Bxc5 24. Bxc5 Nxc5 25. Kc2 f6 26. Ng6 Kf7 27. b4 Nd7
28. Kb3 Nb6 29. a4 Nd7 30. Rd6 Nf8 31. c5 Rxd6 32. cxd6 Nd7 33. Ne7 Rd8 34. Rc1
e5 35. fxe5 Nxe5 36. Rc7 Rxd6 37. Rxb7 Rd3+ 38. Kc2 Rd7 39. Rxd7 Nxd7 40. Nc6
a6 41. b5 axb5 42. axb5 Ke6 43. Kd3 Kd5 44. Ke3 Kc5 45. Kf4 Nf8 46. Kf5 Kxb5 47.
Nd4+ Kc4 48. Ne6 Nd7 49. Nxg7 Kd5 50. Ne8 Ne5 51. Nxf6+ Kd6 52. Ng8 Nf7 53. Kf6
Ng5 54. Nxh6 Ne4+ 55. Kf5 Ng3+ 56. Kg6 Ke6 57. Nf5 Ne2 58. h6 Nf4+ 59. Kg7 Kd5
1-0

[Event "POLFINALY MISTRZOSTW POLSKI JUNIOROW 2021 C-15"]
[Site "Jatrzebia Gora"]
[Date "1899-12-30"]
[Round "8.5"]
[White "Demski, Michal"]
[Black "Racis, Michal"]
[Result "1-0"]
[WhiteTitle "I+"]
[BlackTitle "I"]
[WhiteElo "1756"]
[BlackElo "1820"]

1. e4 c5 2. Nf3 Nc6 3. d3 d6 4. Nbd2 g6 5. g3 Bg7 6. Bg2 e6 7. O-O Nge7 8. Re1
O-O 9. Nf1 Qc7 10. Qe2 Rb8 11. h4 b5 12. N1h2 e5 13. c3 b4 14. c4 b3 15. a3 Nd8
16. Be3 Nec6 17. Qd2 Re8 18. h5 Nd4 19. Nxd4 cxd4 20. Bh6 Bh8 21. Qe2 f6 22. Bd2
Ne6 23. Nf3 Nc5 24. Nh4 Qf7 25. Bb4 Bg7 26. Bxc5 dxc5 27. Qd2 Bf8 28. Rf1 Qg7
29. hxg6 hxg6 30. Rae1 Qh7 31. Qe2 Bh6 32. f4 Qg7 33. Qf3 Rb6 34. Kf2 g5 35. Nf5
Bxf5 36. exf5 gxf4 37. g4 Bg5 38. Rh1 Rd8 39. Rh5 Ra6 40. Reh1 Ra5 41. Qc6 f3
42. Qe6+ Kf8 43. Rh8+ Qxh8 44. Rxh8+ Kg7 45. Rxd8 fxg2 46. Rg8+ Kh7 47. Qf7+ Kh6
48. Qg6# 1-0

[Event "POLFINALY MISTRZOSTW POLSKI JUNIOROW 2021 C-15"]
[Site "Jatrzebia Gora"]
[Date "1899-12-30"]
[Round "8.6"]
[White "Goral, Jan"]
[Black "Wieckowski, Michal"]
[Result "1-0"]
[WhiteTitle "I"]
[BlackTitle "I"]
[WhiteElo "1672"]
[BlackElo "1698"]

1. d4 Nf6 2. c4 c5 3. d5 b5 4. cxb5 a6 5. bxa6 Bxa6 6. Nc3 d6 7. Nf3 g6 8. g3 Bg7
9. Bg2 O-O 10. O-O Nbd7 11. Rb1 Ng4 12. Bd2 Nge5 13. Nxe5 Nxe5 14. b3 Qc7 15.
Qc2 Rfb8 16. Rfe1 Rb7 17. a4 Rc8 18. h3 Qb8 19. Na2 Rbc7 20. Bc3 Qa7 21. Rf1 Bb7
22. Kh2 Qa8 23. f4 Nd7 24. Bxg7 Kxg7 25. Nc3 Ba6 26. Rfe1 Rb7 27. Na2 Qb8 28.
e4 Nb6 29. e5 Qc7 30. Re3 Qd7 31. Nc3 f6 32. exf6+ exf6 33. Rbe1 Rf8 34. Re6 Nc8
35. Ne4 Qd8 36. Qc3 Rb4 37. g4 Rd4 38. g5 f5 39. Nf6 Qb6 40. Qg3 Rd2 41. Qh4 Rh8
42. Qh6+ Kf7 43. Nxh7 1-0

[Event "POLFINALY MISTRZOSTW POLSKI JUNIOROW 2021 C-15"]
[Site "Jatrzebia Gora"]
[Date "1899-12-30"]
[Round "8.7"]
[White "Gbiorczyk, Mikolaj"]
[Black "Kusiak, Mateusz"]
[Result "1/2-1/2"]
[WhiteTitle "II"]
[BlackTitle "I+"]
[WhiteElo "1487"]
[BlackElo "1755"]

1. e4 c5 2. Nf3 g6 3. d4 cxd4 4. Qxd4 Nf6 5. Nc3 Nc6 6. Qa4 d6 7. e5 dxe5 8. Nxe5
Bd7 9. Nxd7 Qxd7 10. Be3 Bg7 11. Rd1 Qc8 12. Be2 O-O 13. O-O Ne5 14. Nd5 Nxd5
15. Rxd5 a6 16. c4 b5 17. cxb5 axb5 18. Qb3 Nc4 19. Rxb5 Nxb2 20. Rc1 Qa6 21.
Rc2 Qxa2 22. Rxb2 Qxb2 23. Qxb2 Bxb2 24. Rxb2 Ra1+ 25. Bf1 Rd8 26. f4 Rdd1 27.
Rf2 Rd5 28. g3 Rda5 29. Rd2 Rb1 30. Kg2 Ra8 31. Be2 Rab8 32. Bf2 R1b2 33. Rxb2
Rxb2 34. Kf3 h5 1/2-1/2

[Event "POLFINALY MISTRZOSTW POLSKI JUNIOROW 2021 C-15"]
[Site "Jatrzebia Gora"]
[Date "1899-12-30"]
[Round "8.8"]
[White "Janusiewicz, Michal"]
[Black "Kubik, Rafal"]
[Result "1/2-1/2"]
[WhiteTitle "I"]
[BlackTitle "I+"]
[WhiteElo "1361"]
[BlackElo "1718"]

1. e4 e5 2. Nf3 Nc6 3. Bb5 Nf6 4. O-O Nxe4 5. Re1 Nd6 6. Bxc6 dxc6 7. Nxe5 Be7
8. Qe2 Be6 9. d3 Qc8 10. Nd2 O-O 11. Ndf3 Re8 12. b3 Bf8 13. Qd2 f6 14. Nc4 Nxc4
15. bxc4 Qd7 16. Bb2 c5 17. Re3 Bd6 18. g3 c6 19. Rae1 b5 20. d4 Bg4 21. dxc5
Bxc5 22. Qxd7 Bxd7 23. Rxe8+ Rxe8 24. Rxe8+ Bxe8 25. cxb5 cxb5 26. Bd4 Bd6 27.
Bxa7 Bf7 28. Nd4 b4 29. Nb3 Bg6 30. Nd4 Bf7 31. Nf5 Bf8 32. Kf1 Bxa2 33. Nd4 Bc4+
34. Ke1 g6 35. Kd2 Bh6+ 36. Kd1 f5 37. Bc5 Bg7 38. Nb3 Bc3 39. Nd2 Bxd2 40. Kxd2
b3 41. cxb3 Bxb3 42. Bd4 Kf7 43. Ke3 h6 44. h4 1/2-1/2

[Event "POLFINALY MISTRZOSTW POLSKI JUNIOROW 2021 C-15"]
[Site "Jatrzebia Gora"]
[Date "1899-12-30"]
[Round "8.9"]
[White "Rzenca, Jerzy"]
[Black "Turowski, Maciej"]
[Result "1-0"]
[WhiteTitle "I"]
[BlackTitle "II+"]
[WhiteElo "1568"]
[BlackElo "1540"]

1. d4 d5 2. c4 e6 3. Nc3 Nf6 4. Bg5 Nbd7 5. cxd5 exd5 6. e3 c6 7. Bd3 Be7 8. Qc2
O-O 9. Nf3 h6 10. Bf4 b6 11. O-O Bb7 12. h3 c5 13. a4 a6 14. dxc5 bxc5 15. e4
c4 16. Be2 Nxe4 17. Nxe4 dxe4 18. Nd2 Nf6 19. Bxc4 Rc8 20. Qb3 Qd7 21. Rfd1 Qc6
22. Rac1 e3 23. Bxf7+ Rxf7 24. Rxc6 exf2+ 25. Kxf2 Bxc6 26. Nf3 Kf8 27. Qe6 Bc5+
28. Kf1 Bd7 29. Qxa6 Ne4 30. Rxd7 Rxd7 31. Qxc8+ Ke7 32. Ne5 Rd4 33. Nc6+ 1-0

[Event "POLFINALY MISTRZOSTW POLSKI JUNIOROW 2021 C-15"]
[Site "Jatrzebia Gora"]
[Date "1899-12-30"]
[Round "8.10"]
[White "Szymkiewicz, Witold"]
[Black "Cieply, Krzysztof"]
[Result "0-1"]
[WhiteTitle "I"]
[BlackTitle "I"]
[WhiteElo "1552"]
[BlackElo "1487"]

1. e4 c5 2. Nf3 Nc6 3. d4 cxd4 4. Nxd4 Nf6 5. Nc3 d6 6. Bb5 Bd7 7. Bg5 Nxd4 8.
Bxd7+ Nxd7 9. Qxd4 h6 10. Be3 Ne5 11. Nd5 e6 12. Qa4+ Nc6 13. Bb6 axb6 14. Qxa8
exd5 15. Qxb7 Ne5 16. Qxd5 Be7 17. f4 Ng6 18. Qb5+ Kf8 19. O-O Kg8 20. a4 Kh7
21. b4 Qc7 22. c4 Rc8 23. a5 bxa5 24. bxa5 Bf6 25. Ra4 Bd4+ 26. Kh1 Bc5 27. Rb1
Ba7 28. Qf5 Bc5 29. e5 dxe5 30. fxe5 Re8 31. a6 Rxe5 32. Qf3 Re3 33. Qf5 Qe7 34.
Rf1 Bd4 35. Ra5 Re1 36. h3 Qe2 37. Rxe1 Qxe1+ 38. Kh2 Bg1+ 0-1

[Event "POLFINALY MISTRZOSTW POLSKI JUNIOROW 2021 C-15"]
[Site "Jatrzebia Gora"]
[Date "1899-12-30"]
[Round "8.11"]
[White "Miler, Franciszek"]
[Black "Nowak, Filip"]
[Result "0-1"]
[WhiteTitle "I"]
[BlackTitle "I"]
[WhiteElo "1479"]
[BlackElo "1757"]

1. e4 e5 2. Nf3 Nc6 3. Bc4 Bc5 4. O-O d6 5. d3 a6 6. c3 Qf6 7. h3 Nge7 8. Bb3 h6
9. Nbd2 g5 10. Nh2 h5 11. Qf3 Qg6 12. Nc4 f5 13. exf5 Bxf5 14. Qg3 g4 15. hxg4
hxg4 16. Ne3 Bxd3 17. Re1 Bxe3 18. Bxe3 Bf5 19. Bd1 Rg8 20. a4 Nd5 21. Bd2 Nf6
22. f3 O-O-O 23. b4 Nh5 24. Qh4 gxf3 25. Bxf3 Nf6 26. Qh6 e4 27. Qxg6 Rxg6 28.
Be2 Rdg8 29. Bf1 Ne5 30. Kf2 Nd3+ 31. Bxd3 Rxg2+ 32. Ke3 Rxh2 33. Rab1 0-1

[Event "POLFINALY MISTRZOSTW POLSKI JUNIOROW 2021 C-15"]
[Site "Jatrzebia Gora"]
[Date "1899-12-30"]
[Round "8.12"]
[White "Fojcik, Kacper"]
[Black "Halhoul, Adam"]
[Result "1/2-1/2"]
[WhiteTitle "II"]
[BlackTitle "I"]
[WhiteElo "1345"]
[BlackElo "1777"]

1. d4 d5 2. Nf3 e6 3. g3 Bd6 4. Bg2 Nf6 5. O-O O-O 6. c4 c6 7. Qc2 Nbd7 8. Nbd2
Qc7 9. e4 dxe4 10. Nxe4 Nxe4 11. Qxe4 Nf6 12. Qc2 b6 13. b3 Bb7 14. Bb2 Rad8 15.
Rad1 Be7 16. Ne5 Nd7 17. Nxd7 Rxd7 18. Rd2 Rfd8 19. Rfd1 Bg5 20. Rd3 Bf6 21. R1d2
h6 22. Qd1 Bg5 23. f4 Be7 24. Bc3 Bf6 25. Ba1 Rd6 26. Be4 c5 27. d5 Bxa1 28. Qxa1
exd5 29. Bxd5 Bxd5 30. Rxd5 Rxd5 31. Rxd5 Re8 32. Qd1 Re3 33. Qd2 Re7 1/2-1/2

[Event "POLFINALY MISTRZOSTW POLSKI JUNIOROW 2021 C-15"]
[Site "Jatrzebia Gora"]
[Date "1899-12-30"]
[Round "8.13"]
[White "Jankowski, Franciszek"]
[Black "Bajer, Tomasz"]
[Result "0-1"]
[WhiteTitle "II+"]
[BlackTitle "II"]
[WhiteElo "1522"]
[BlackElo "1308"]

1. d4 Nf6 2. c4 g6 3. Nc3 Bg7 4. e4 O-O 5. f3 d6 6. Be3 e5 7. d5 a6 8. Qd2 Nbd7
9. O-O-O Nb6 10. Bd3 Bd7 11. Nge2 Na4 12. Rdg1 Nxc3 13. Nxc3 Qb8 14. Bh6 b5 15.
h4 Qb6 16. h5 bxc4 17. Bxg7 Kxg7 18. Bc2 a5 19. g4 a4 20. Qg5 h6 21. Qd2 g5 22.
a3 Rfb8 23. Bb1 Rb7 24. Rg2 Rab8 25. Rhh2 Qc5 26. Qe1 Qd4 27. Rd2 Qxc3+ 28. Kd1
Qxf3+ 29. Rde2 Rxb2 0-1